000 00754nam a2200289Ia 4500
005 20260324112034.0
008 008 260324s9999 xx 000 0 eng d
020 _a9781003356783
037 _aEBOOK
040 _aCRL
040 _beng
040 _cCRL
041 _2eng
041 _aeng
084 _qCRL
100 _aAndrew Emmanuel Okem; Sithembiso Lindelihle Myeni; Tshepang Mosiea
_91141051
245 0 _aTransformative Innovation for Sustainable Human Settlements
245 2 _bA South African Context
260 _bTaylor and Francis
260 _c2024
365 _a
365 _b220
856 _uhttp://www.taylorfrancis.com/books/9781003356783
942 _cEBOOK
999 _c1730090
_d1730090